Hutan Simpan Ulu Muda, Kedah : Pengurusan, persekitaran fizikal dan biologi

Bibliographic Details
Corporate Author: Malaysia
Other Authors: A Latiff, Che Hashim Hassan, Jalil Md. Som, Mohd Puat Dahalan, Norhaidi Yunus, Shaharudin Mohamad Ismail
Format: Book
Published: Kuala Lumpur : Jabatan Perhutanan Semenanjung Malaysia , 2005
Series:Siri 3 : Kepelbagaian Biologi Hutan
Subjects:

MARC

LEADER 00000cam a2200000 7i4500
001 0000003403
005 20070810.0
020 0 0 |a 9839269348 
090 0 0 |a JPSM 333.9516   |b HUT 
245 0 0 |a Hutan Simpan Ulu Muda, Kedah :   |b Pengurusan, persekitaran fizikal dan biologi   |c Disunting oleh Shaharudin Mohamad Ismail, Che Hashim Hassan, Mohd Puat Dahalan, Jalil Md. Som, Norhaidi Yunus, A Latiff 
260 0 0 |a Kuala Lumpur :   |b Jabatan Perhutanan Semenanjung Malaysia ,   |c 2005 
300 |a 310 p. :   |b ill., maps ;   |c 26 cm. 
440 0 0 |a Siri 3 : Kepelbagaian Biologi Hutan 
500 0 0 |a Includes bibliographical references 
650 0 0 |a Biological diversity conservation   |z Hutan Simpan Ulu Muda, Kedah 
650 0 0 |a Biological diversity   |z Hutan Simpan Ulu Muda, Kedah 
700 0 1 |a A Latiff 
700 0 1 |a Che Hashim Hassan 
700 0 1 |a Jalil Md. Som 
700 0 1 |a Mohd Puat Dahalan 
700 0 1 |a Norhaidi Yunus, 
700 0 1 |a Shaharudin Mohamad Ismail 
710 1 1 |a Malaysia ,   |c Hutan Simpan Ulu Muda, Kedah 
710 1 1 |a Malaysia ,   |c Jabatan Perhutanan Semenanjung Malaysia 
998 |a JPSM 
999 |a 0000006390   |b Monograph   |c Open Shelf   |e Default branch 
999 |a 0000006391   |b Monograph   |c Open Shelf   |e Default branch 
999 |a 0000006392   |b Monograph   |c Open Shelf   |e Default branch 
999 |a 0000006393   |b Monograph   |c Open Shelf   |e Default branch 
999 |a 0000006394   |b Monograph   |c Open Shelf   |e Default branch